[Event "SR 4. liga A21 2012/2013"]
[Site "?"]
[Date "2012.11.25"]
[Round "4.4"]
[White "Orvisky, Vladimir"]
[Black "Lajda, Dusan"]
[Result "1/2-1/2"]
[WhiteElo "1838"]
[BlackElo "1838"]
[PlyCount "46"]
[EventDate "2012.??.??"]

1. c4 e6 2. Nc3 Nf6 3. e4 d6 4. Nf3 c5 5. Be2 Nbd7 6. d4 cxd4 7. Nxd4 a6 8. O-O
Be7 9. f4 O-O 10. Be3 e5 11. Nf5 exf4 12. Bxf4 Ne5 13. Nxe7+ Qxe7 14. Bg5 Be6
15. Qd4 Rac8 16. b3 Rc6 17. Qf2 Ned7 18. Bf3 Ne5 19. Be2 Ned7 20. Rae1 Qd8 21.
Rd1 Qa5 22. Qd4 Qxg5 23. Nd5 Bxd5 1/2-1/2

[Event "SR 4. liga A21 2012/2013"]
[Site "?"]
[Date "2012.11.25"]
[Round "4.4"]
[White "Podjavorinsky, Michal"]
[Black "Podjavorinsky, Peter"]
[Result "1/2-1/2"]
[WhiteElo "1681"]
[BlackElo "1720"]
[PlyCount "72"]
[EventDate "2012.??.??"]

1. d4 Nf6 2. Nc3 g6 3. e4 d6 4. Bg5 Bg7 5. Nf3 O-O 6. Qd2 c6 7. Bh6 Bg4 8. Bxg7
Kxg7 9. Be2 Qb6 10. O-O-O Nbd7 11. h3 Bxf3 12. Bxf3 c5 13. h4 cxd4 14. Qxd4
Qxd4 15. Rxd4 h5 16. Nd5 Nxd5 17. exd5 Rfc8 18. g4 Ne5 19. Be2 hxg4 20. Bxg4
Nxg4 21. Rxg4 Rc5 22. h5 Rxd5 23. hxg6 fxg6 24. Rhg1 g5 25. f4 Kg6 26. fxg5 Rg8
27. Re4 Re5 28. Ree1 Rxe1+ 29. Rxe1 e5 30. Kd2 Rh8 31. Rf1 Kxg5 32. Rf7 Rh2+
33. Kd3 d5 34. Rxb7 Rh3+ 35. Kd2 Rh2+ 36. Kd3 Rh3+ 1/2-1/2

[Event "SR 4. liga A21 2012/2013"]
[Site "?"]
[Date "2012.11.25"]
[Round "4.4"]
[White "Smrek, Peter"]
[Black "Krchnak, Rudolf"]
[Result "1/2-1/2"]
[WhiteElo "1845"]
[BlackElo "1857"]
[PlyCount "59"]
[EventDate "2012.??.??"]

1. e4 d6 2. d4 g6 3. Nc3 Bg7 4. Bg5 c6 5. Qd2 b5 6. a3 Qc7 7. Nf3 Nd7 8. Bd3 h6
9. Be3 Nb6 10. e5 Nc4 11. Bxc4 bxc4 12. exd6 exd6 13. O-O Nf6 14. Rfe1 Be6 15.
d5 Nxd5 16. Nxd5 cxd5 17. c3 Be5 18. Bd4 f6 19. Nxe5 dxe5 20. f4 exd4 21. Rxe6+
Kf7 22. Rae1 Rae8 23. Rxe8 Rxe8 24. Rxe8 Kxe8 25. Qxd4 Qb6 26. Qxb6 axb6 27.
Kf2 Kd7 28. Ke3 Ke6 29. Kd4 Kd6 30. a4 1/2-1/2

[Event "SR 4. liga A21 2012/2013"]
[Site "?"]
[Date "2012.11.25"]
[Round "4.5"]
[White "Hrubsa, Marian"]
[Black "Sadlon, Juraj"]
[Result "1-0"]
[WhiteElo "1820"]
[BlackElo "1804"]
[PlyCount "53"]
[EventDate "2012.??.??"]

1. e4 e5 2. Nf3 Nc6 3. Bb5 a6 4. Bxc6 dxc6 5. O-O Bd6 6. d4 Bg4 7. dxe5 Bxf3 8.
Qxf3 Bxe5 9. Rd1 Qe7 10. Na3 Qe6 11. c3 Nf6 12. Bf4 O-O 13. Bxe5 Qxe5 14. Re1
Rad8 15. Nc4 Qe6 16. Qe2 Rfe8 17. f3 b5 18. Ne3 g6 19. Nc2 c5 20. Qf2 Qb6 21.
Rad1 Rxd1 22. Rxd1 Re7 23. Qh4 Qe6 24. Ne3 Kg7 25. Qg5 Qe5 26. Nf5+ Kf8 27.
Qh6+ 1-0

[Event "SR 4. liga A21 2012/2013"]
[Site "?"]
[Date "2012.11.25"]
[Round "4.5"]
[White "Kubis, Ivan"]
[Black "Skapik, Branislav"]
[Result "0-1"]
[WhiteElo "2013"]
[BlackElo "1857"]
[PlyCount "98"]
[EventDate "2012.??.??"]

1. e4 e5 2. Nf3 Nc6 3. Bb5 a6 4. Ba4 Nf6 5. O-O b5 6. Bb3 Be7 7. Re1 O-O 8. h3
d6 9. c3 Na5 10. Bc2 c5 11. d4 Qc7 12. Nbd2 Bd7 13. Nf1 cxd4 14. cxd4 Rac8 15.
Bb1 Rfe8 16. Bg5 Nc6 17. Ne3 Qd8 18. d5 Nb8 19. b4 h6 20. Bh4 Nh5 21. Bg3 Nxg3
22. fxg3 Qb6 23. Kh2 Rc3 24. Bd3 Rec8 25. Qe2 g6 26. Reb1 f5 27. Nd1 fxe4 28.
Bxe4 R3c7 29. Bxg6 Bf6 30. Be4 Be8 31. Qe3 Qxe3 32. Nxe3 Bd7 33. Rb3 Rc3 34.
Rab1 Kg7 35. Bf5 Rxe3 36. Rxe3 Bxf5 37. Rf1 Bg6 38. Nh4 Rc4 39. Nxg6 Kxg6 40.
Ref3 Nd7 41. Ra3 e4 42. Rxa6 Be5 43. Rb1 Rc3 44. Rc6 Rxg3 45. Kg1 Nf6 46. a4
Nxd5 47. a5 Rc3 48. Rxc3 Bxc3 49. Rd1 e3 0-1

[Event "SR 4. liga A21 2012/2013"]
[Site "?"]
[Date "2012.11.25"]
[Round "4.5"]
[White "Pericka, Pavol"]
[Black "Vach, Jozef"]
[Result "1/2-1/2"]
[WhiteElo "1821"]
[BlackElo "1793"]
[PlyCount "57"]
[EventDate "2012.??.??"]

1. e4 e5 2. Bc4 Nf6 3. Nf3 d6 4. Ng5 d5 5. exd5 Bd6 6. d3 O-O 7. O-O h6 8. Ne4
Be7 9. Nbc3 Nbd7 10. Be3 a6 11. f4 exf4 12. Rxf4 b5 13. Bb3 Bb7 14. a3 Ne5 15.
Nxf6+ Bxf6 16. Ne4 Be7 17. Rf5 Ng6 18. Qh5 Bc8 19. Rf3 Bd6 20. Bg5 Be7 21. Bxh6
gxh6 22. Qxh6 Bg4 23. Rg3 Bf5 24. Ng5 Bxg5 25. Rxg5 Qf6 26. Rf1 Qd4+ 27. Kh1
Bxd3 28. cxd3 Qxd3 29. Rg1 1/2-1/2

[Event "SR 4. liga A21 2012/2013"]
[Site "?"]
[Date "2012.11.25"]
[Round "4.5"]
[White "Pericka, Tomas"]
[Black "Hudacek, Josef"]
[Result "1-0"]
[WhiteElo "2029"]
[BlackElo "2067"]
[PlyCount "89"]
[EventDate "2012.??.??"]

1. e4 c6 2. d4 d6 3. f4 Nd7 4. Nf3 Ngf6 5. Nc3 Qa5 6. Bd2 e6 7. Bc4 Qc7 8. O-O
b5 9. Bd3 b4 10. Ne2 c5 11. c3 a5 12. Rc1 Qb6 13. e5 Nd5 14. c4 Ne7 15. f5 Nxf5
16. Bxf5 exf5 17. e6 fxe6 18. Nf4 Nf6 19. Re1 Ne4 20. Ng5 Nxg5 21. Qh5+ g6 22.
Qxg5 Kf7 23. dxc5 dxc5 24. Nd3 Bd6 25. Ne5+ Bxe5 26. Rxe5 Qd6 27. Bf4 Qd4+ 28.
Re3 h6 29. Qg3 Qxb2 30. Rce1 Qxa2 31. Be5 Rh7 32. Qh4 g5 33. Qh5+ Ke7 34. Qg6
Rf7 35. Rd1 Ra6 36. Qxh6 Bd7 37. Qxg5+ Ke8 38. Rh3 Qxc4 39. Rh8+ Rf8 40. Rxf8+
Kxf8 41. Qg7+ Ke8 42. Qxd7+ Kf8 43. Qd8+ Kf7 44. Rd7+ Kg6 45. Rg7+ 1-0

[Event "SR 4. liga A21 2012/2013"]
[Site "?"]
[Date "2012.11.25"]
[Round "4.5"]
[White "Sadlon, Matus"]
[Black "Danihel, Jozef"]
[Result "1/2-1/2"]
[WhiteElo "1596"]
[BlackElo "1566"]
[PlyCount "71"]
[EventDate "2012.??.??"]

1. e4 d5 2. exd5 Nf6 3. c4 e6 4. dxe6 Bxe6 5. d4 Bb4+ 6. Nc3 O-O 7. a3 Bxc3+ 8.
bxc3 Re8 9. Be3 Nbd7 10. Bd3 c6 11. Nf3 h6 12. h3 Nb6 13. Qe2 Qe7 14. O-O Rad8
15. Ne5 Bc8 16. a4 Nbd7 17. Nxd7 Bxd7 18. Rfe1 Ne4 19. Bd2 Qh4 20. Bxe4 f5 21.
f3 fxe4 22. fxe4 Re6 23. Qf2 Qe7 24. e5 Rg6 25. Re3 Rf8 26. Rf3 Bxh3 27. Rxf8+
Qxf8 28. Qxf8+ Kxf8 29. Rf1+ Ke7 30. Rf2 Be6 31. c5 Bd5 32. Kh2 Rg4 33. g3 Re4
34. a5 a6 35. Kg1 Bc4 36. Kh2 1/2-1/2

[Event "SR 4. liga A21 2012/2013"]
[Site "?"]
[Date "2012.11.25"]
[Round "4.6"]
[White "Bendzela, Tibor"]
[Black "Pipiska, Adam"]
[Result "1-0"]
[WhiteElo "1459"]
[BlackElo "1674"]
[PlyCount "31"]
[EventDate "2012.??.??"]

1. e4 e5 2. d4 exd4 3. Qxd4 Nc6 4. Qe3 b6 5. Nc3 Bc5 6. Qf4 Nf6 7. Bd2 Bb7 8.
O-O-O d6 9. f3 Qe7 10. g4 O-O-O 11. Qg3 Rhe8 12. h4 Qe6 13. h5 h6 14. g5 hxg5
15. Bxg5 Rh8 16. Bh3 1-0

[Event "SR 4. liga A21 2012/2013"]
[Site "?"]
[Date "2012.11.25"]
[Round "4.6"]
[White "Gasa, Patrik"]
[Black "Palka, Miroslav"]
[Result "1/2-1/2"]
[WhiteElo "1906"]
[BlackElo "1924"]
[PlyCount "56"]
[EventDate "2012.??.??"]

1. e4 c5 2. c3 Nc6 3. d4 cxd4 4. cxd4 d5 5. exd5 Qxd5 6. Be3 e5 7. Nc3 Bb4 8.
dxe5 Qxe5 9. Rc1 Nf6 10. Nf3 Qa5 11. Bc4 O-O 12. O-O Bg4 13. a3 Bxc3 14. Rxc3
Rad8 15. Qc1 Bxf3 16. gxf3 Qh5 17. Bc5 Rfe8 18. Qf4 Nd5 19. Bxd5 Rxd5 20. Be3
Red8 21. Qg4 Qe5 22. Bf4 Qf5 23. Qxf5 Rxf5 24. Bg3 Rfd5 25. Kg2 f6 26. Rfc1
R8d7 27. b4 a6 28. Re3 Kf7 1/2-1/2

[Event "SR 4. liga A21 2012/2013"]
[Site "?"]
[Date "2012.11.25"]
[Round "4.6"]
[White "Kubik, Peter"]
[Black "Diviak, Rudolf"]
[Result "1/2-1/2"]
[WhiteElo "1720"]
[BlackElo "1852"]
[PlyCount "34"]
[EventDate "2012.??.??"]

1. b3 Nf6 2. Bb2 g6 3. e3 Bg7 4. Nf3 d6 5. d4 c5 6. dxc5 Qa5+ 7. Nbd2 Qxc5 8.
Be2 O-O 9. O-O Qc7 10. c4 b6 11. Rc1 Nc6 12. Qc2 Bb7 13. Rfd1 Rac8 14. a3 Ba8
15. Nd4 Nxd4 16. Bxd4 Qd7 17. Qb1 Qe6 1/2-1/2

[Event "SR 4. liga A21 2012/2013"]
[Site "?"]
[Date "2012.11.25"]
[Round "4.6"]
[White "Lanik, Miroslav"]
[Black "Diviak, Rastislav"]
[Result "1-0"]
[WhiteElo "1945"]
[BlackElo "2017"]
[PlyCount "85"]
[EventDate "2012.??.??"]

1. e4 d6 2. d4 Nf6 3. Nc3 g6 4. Be3 Bg7 5. f3 c6 6. Qd2 b5 7. a3 a6 8. Bd3 Nbd7
9. Nge2 Qc7 10. O-O-O c5 11. Nf4 Bb7 12. dxc5 Nxc5 13. Be2 Rc8 14. Kb1 Ncd7 15.
Nd3 Nb6 16. Bxb6 Qxb6 17. Nb4 O-O 18. Bd3 a5 19. Nbd5 Nxd5 20. Nxd5 Bxd5 21.
exd5 b4 22. a4 Qd4 23. Qc1 b3 24. c4 Qc5 25. Qd2 Rb8 26. Rhe1 Rfe8 27. Re4 Rb4
28. Qe3 Qc7 29. c5 Rxe4 30. fxe4 dxc5 31. Bc4 Qe5 32. Qe2 Rb8 33. Rd3 Rb4 34.
Rxb3 Rxa4 35. h3 Bf6 36. Qc2 Qd4 37. Rb8+ Kg7 38. Qxa4 Qxe4+ 39. Ka2 Qxg2 40.
Rb3 Qc2 41. Bd3 Qc1 42. Qc4 Qd2 43. Qc2 1-0

[Event "SR 4. liga A21 2012/2013"]
[Site "?"]
[Date "2012.11.25"]
[Round "4.6"]
[White "Ocko, Martin"]
[Black "Tokos, Rastislav"]
[Result "1/2-1/2"]
[WhiteElo "1661"]
[BlackElo "1858"]
[PlyCount "71"]
[EventDate "2012.??.??"]

1. d4 d5 2. c4 dxc4 3. Nc3 Nf6 4. e4 Nc6 5. d5 Ne5 6. Bf4 Nd3+ 7. Bxd3 cxd3 8.
Qxd3 a6 9. Nge2 Bd7 10. O-O g6 11. e5 Nh5 12. Qe3 Nxf4 13. Nxf4 e6 14. Rad1 Qg5
15. Qd4 Rd8 16. Ne4 Qxf4 17. Nf6+ Qxf6 18. exf6 Bd6 19. Rfe1 c5 20. dxc6 Bxc6
21. Qg4 Kd7 22. Rd2 Kc7 23. Red1 Rd7 24. Qc4 Rhd8 25. g3 Kb8 26. Qh4 h5 27. Qg5
Kc7 28. Qa5+ Kc8 29. b4 Bc7 30. Qg5 Bd5 31. Qe3 Kb8 32. a4 b6 33. b5 a5 34. Qc3
Kb7 35. Rc1 Bb8 36. Qe3 1/2-1/2

[Event "SR 4. liga A21 2012/2013"]
[Site "?"]
[Date "2012.12.16"]
[Round "5.1"]
[White "Buran, Andrej ml"]
[Black "Galba, Juraj"]
[Result "1-0"]
[WhiteElo "1152"]
[BlackElo "1000"]
[PlyCount "47"]
[EventDate "2012.??.??"]

1. e4 e5 2. Nf3 Nc6 3. Bc4 h6 4. d4 d6 5. dxe5 dxe5 6. Qxd8+ Nxd8 7. Nxe5 Bd6
8. Nf3 Nf6 9. e5 Bxe5 10. Nxe5 O-O 11. O-O Re8 12. Nd3 Bf5 13. Nc3 c6 14. Bf4
Bxd3 15. Bxd3 Ne6 16. Be3 Ng4 17. Rfe1 Ne5 18. Rad1 b6 19. Be4 Rac8 20. Bf5 Nc4
21. Rd7 Nxb2 22. Rxa7 Nd4 23. Bxc8 Rxc8 24. Bxd4 1-0

[Event "SR 4. liga A21 2012/2013"]
[Site "?"]
[Date "2012.12.16"]
[Round "5.1"]
[White "Diviak, Rudolf"]
[Black "Pripko, Bystrik"]
[Result "1-0"]
[WhiteElo "1852"]
[BlackElo "1815"]
[PlyCount "67"]
[EventDate "2012.??.??"]

1. e4 e5 2. Nf3 Nc6 3. Bb5 a6 4. Ba4 b5 5. Bb3 Bc5 6. c3 d6 7. d3 h6 8. h3 Nf6
9. O-O O-O 10. Re1 Re8 11. Nbd2 Bb6 12. Nf1 Ne7 13. Nh4 c5 14. Ng3 Be6 15. Qf3
Ng6 16. Nhf5 Nh7 17. Nh5 c4 18. dxc4 bxc4 19. Ba4 Ng5 20. Qg3 Rf8 21. Nhxg7
Bxf5 22. Nxf5 Qf6 23. Nxh6+ Kh7 24. Ng4 Qe7 25. Bc2 Ne6 26. Ne3 Bxe3 27. Bxe3
Qh4 28. Qxh4+ Nxh4 29. Bd1 f5 30. exf5 Rxf5 31. Bc2 Kg6 32. g4 Nf3+ 33. Kg2
Nxe1+ 34. Rxe1 1-0

[Event "SR 4. liga A21 2012/2013"]
[Site "?"]
[Date "2012.12.16"]
[Round "5.1"]
[White "Kupkovic, Miroslav"]
[Black "Ocko, Martin"]
[Result "0-1"]
[WhiteElo "1799"]
[BlackElo "1661"]
[PlyCount "44"]
[EventDate "2012.??.??"]

1. d4 Nf6 2. c4 g6 3. g3 Bg7 4. Bg2 O-O 5. Nc3 d6 6. h3 Nbd7 7. Bg5 c5 8. dxc5
Nxc5 9. Qd2 a6 10. Bh6 Rb8 11. Bxg7 Kxg7 12. Nf3 b5 13. cxb5 axb5 14. Nd4 Bd7
15. Nc6 Bxc6 16. Bxc6 b4 17. Nd5 Nfe4 18. Qd4+ e5 19. Qc4 b3 20. a4 Qa5+ 21.
Nc3 Rb4 22. Qd5 Rd4 0-1

[Event "SR 4. liga A21 2012/2013"]
[Site "?"]
[Date "2012.12.16"]
[Round "5.1"]
[White "Piestansky, Jan"]
[Black "Tokoly, Daniel"]
[Result "1/2-1/2"]
[WhiteElo "1588"]
[BlackElo "1499"]
[PlyCount "120"]
[EventDate "2012.??.??"]

1. e4 e5 2. Nf3 Nc6 3. Bc4 Bc5 4. h3 Nf6 5. d3 d6 6. c3 O-O 7. O-O Be6 8. Bb5
Ne7 9. Ba4 Ng6 10. Bg5 h6 11. Be3 Bb6 12. Bc2 Qd7 13. Kh2 c6 14. Nbd2 d5 15.
exd5 Nxd5 16. d4 exd4 17. Nxd4 Bxh3 18. gxh3 Bc7+ 19. Kg1 Qxh3 20. f4 Nxe3 21.
Qf3 Qxf3 22. Rxf3 Nxc2 23. Nxc2 Bxf4 24. Ne4 Rfe8 25. Nc5 Re2 26. Nd4 Rxb2 27.
Nd3 Bh2+ 28. Kh1 Rd2 29. Nb3 Rxd3 30. Rxd3 Be5 31. Rad1 Kh7 32. c4 f6 33. Nc5
b6 34. Ne4 Nf4 35. Rd7 h5 36. Rb7 Re8 37. Rxa7 Bb8 38. Nxf6+ Kh6 39. Nxe8 Bxa7
40. Rd6+ Kg5 41. Nxg7 c5 42. Ne6+ Nxe6 43. Rxe6 Kf5 44. Re7 Bb8 45. Rb7 Be5 46.
Rxb6 Bd4 47. a4 Bc3 48. Rd6 Ke4 49. Rd1 h4 50. Kg2 Ke3 51. Kh3 Ke2 52. Rd5 Bb4
53. Kxh4 Ke3 54. Kg4 Ke4 55. Kg5 Kf3 56. Kf5 Ke3 57. Ke6 Kf4 58. Kd6 Ke4 59.
Rxc5 Kd4 60. a5 Bxc5+ 1/2-1/2

[Event "SR 4. liga A21 2012/2013"]
[Site "?"]
[Date "2012.12.16"]
[Round "5.1"]
[White "Pipiska, Adam"]
[Black "Vagovic, Milan"]
[Result "1-0"]
[WhiteElo "1674"]
[BlackElo "1725"]
[PlyCount "101"]
[EventDate "2012.??.??"]

1. e4 e5 2. Nf3 Nc6 3. d4 exd4 4. Nxd4 Bc5 5. Be3 Nxd4 6. Bxd4 Bxd4 7. Qxd4 Qf6
8. e5 Qb6 9. Qxb6 axb6 10. Nc3 c6 11. Bc4 Ne7 12. O-O O-O 13. Rad1 Re8 14. Ne4
Nf5 15. Nd6 Nxd6 16. exd6 b5 17. Rfe1 Rxe1+ 18. Rxe1 Kf8 19. Bb3 c5 20. Bd5 Ra6
21. Re7 Rxd6 22. Rxf7+ Ke8 23. Rf5 b6 24. Kf1 Rf6 25. Re5+ Kd8 26. a3 d6 27.
Rg5 Rf5 28. Rxf5 Bxf5 29. c3 Kc7 30. Ke2 Bd7 31. Ke3 Bc6 32. Ke4 Bd7 33. h4 Be8
34. g4 Bg6+ 35. Kf4 Bd3 36. Be4 Bxe4 37. Kxe4 Kc6 38. f4 h6 39. f5 Kd7 40. g5
hxg5 41. hxg5 Kc6 42. f6 d5+ 43. Ke5 gxf6+ 44. gxf6 d4 45. cxd4 cxd4 46. Kxd4
Kd6 47. b4 Ke6 48. f7 Kxf7 49. Kd5 Ke7 50. Kc6 Kd8 51. Kxb6 1-0

[Event "SR 4. liga A21 2012/2013"]
[Site "?"]
[Date "2012.12.16"]
[Round "5.2"]
[White "Bartos, Bohumil"]
[Black "Barcaj, Jaroslav"]
[Result "1/2-1/2"]
[WhiteElo "1533"]
[BlackElo "1586"]
[PlyCount "45"]
[EventDate "2012.??.??"]

1. d4 d5 2. c4 dxc4 3. Nf3 e6 4. e3 Nf6 5. Bxc4 c6 6. O-O Be7 7. Nc3 O-O 8. Qe2
Nbd7 9. a3 b5 10. Bd3 Bb7 11. Rd1 g6 12. e4 a6 13. e5 Nd5 14. Bh6 Re8 15. Ne4
Qb6 16. Rac1 Rac8 17. Qd2 c5 18. dxc5 Nxc5 19. Nxc5 Bxc5 20. Bg5 Be7 21. Rxc8
Rxc8 22. Bxe7 Nxe7 23. Be2 1/2-1/2

[Event "SR 4. liga A21 2012/2013"]
[Site "?"]
[Date "2012.12.16"]
[Round "5.2"]
[White "Hudacek, Josef"]
[Black "Palka, Martin"]
[Result "1-0"]
[WhiteElo "2067"]
[BlackElo "1884"]
[PlyCount "147"]
[EventDate "2012.??.??"]

1. e4 c5 2. Ne2 d6 3. g3 Nc6 4. Bg2 g6 5. O-O Bg7 6. c3 Nf6 7. f4 O-O 8. d3 Qc7
9. h3 Rb8 10. a4 e6 11. g4 a6 12. Ng3 Ne8 13. Nd2 b5 14. axb5 axb5 15. Nf3 b4
16. Bd2 Qb6 17. Kh2 bxc3 18. bxc3 Ne7 19. Qc2 Qc7 20. h4 f5 21. exf5 exf5 22.
g5 Be6 23. Rab1 d5 24. Rfe1 Rxb1 25. Qxb1 Bf7 26. Ne5 Bxe5 27. Rxe5 Nc6 28. Re2
Nd6 29. Qa1 Ne7 30. Re5 c4 31. Re3 cxd3 32. Rxd3 Ne4 33. Qe1 Ra8 34. Be3 Qc4
35. Bf1 Ra2+ 36. Kh3 Qc7 37. Ne2 Nc6 38. Qb1 Ra4 39. Rd1 Ra8 40. Qd3 Rb8 41.
Rb1 Na5 42. Rxb8+ Qxb8 43. Qa6 Nc4 44. Bd4 Qd6 45. Qa8+ Qf8 46. Qb7 h6 47. Ng3
Nxg3 48. Kxg3 hxg5 49. hxg5 Qe8 50. Bg2 Nd6 51. Qb6 Ne4+ 52. Kh3 Be6 53. Qc7
Qd7 54. Qb8+ Qc8 55. Qe5 Qd7 56. Qh8+ Kf7 57. Qg7+ Ke8 58. Qxg6+ Bf7 59. Qh7
Qe6 60. Qh8+ Kd7 61. Qh6 Qg6 62. Bf3 Nd2 63. Qxg6 Bxg6 64. Bxd5 Kd6 65. c4 Ne4
66. Kg2 Nc5 67. Be5+ Kd7 68. Kf3 Ne6 69. Ke3 Nc7 70. Bxc7 Kxc7 71. Kd4 Kd6 72.
c5+ Kd7 73. Ke5 Ke7 74. Be6 1-0

[Event "SR 4. liga A21 2012/2013"]
[Site "?"]
[Date "2012.12.16"]
[Round "5.2"]
[White "Huska, Branislav"]
[Black "Hrubsa, Marian"]
[Result "0-1"]
[WhiteElo "1574"]
[BlackElo "1820"]
[PlyCount "80"]
[EventDate "2012.??.??"]

1. e4 e6 2. d4 d5 3. Nc3 Nf6 4. Bg5 Be7 5. e5 Nfd7 6. Bxe7 Qxe7 7. f4 a6 8. Nf3
c5 9. dxc5 Nc6 10. Qd2 Nxc5 11. O-O-O b5 12. Nd4 Bd7 13. a3 Rc8 14. g4 Nxd4 15.
Qxd4 O-O 16. Kb1 f6 17. f5 fxe5 18. Qxe5 Qf6 19. Qxf6 Rxf6 20. fxe6 Rxe6 21.
Bg2 Re5 22. Bxd5+ Be6 23. Rhe1 Rxe1 24. Rxe1 Bxd5 25. Nxd5 Rd8 26. Nf4 Kf7 27.
Kc1 Rd4 28. Rf1 Ke7 29. c3 Rxf4 30. Rxf4 Nd3+ 31. Kd2 Nxf4 32. Ke3 Nd5+ 33. Kd4
Kd6 34. h3 g5 35. c4 bxc4 36. Kxc4 Nf4 37. b4 Nxh3 38. a4 Nf2 39. b5 axb5+ 40.
Kxb5 Kc7 0-1

[Event "SR 4. liga A21 2012/2013"]
[Site "?"]
[Date "2012.12.16"]
[Round "5.2"]
[White "Kubik, Peter"]
[Black "Kubis, Ivan"]
[Result "1/2-1/2"]
[WhiteElo "1720"]
[BlackElo "2013"]
[PlyCount "84"]
[EventDate "2012.??.??"]

1. b3 e5 2. Bb2 Nc6 3. e3 d5 4. Bb5 Bd6 5. c4 Nf6 6. cxd5 Nxd5 7. Nc3 Be6 8.
Nf3 O-O 9. O-O Nxc3 10. Bxc3 Bg4 11. Be2 f5 12. d4 exd4 13. Nxd4 Nxd4 14. Bxg4
Ne6 15. Bf3 c6 16. g3 Qe7 17. Bg2 Rad8 18. Qc2 Ng5 19. Rad1 Be5 20. Rxd8 Rxd8
21. Bxe5 Qxe5 22. Rd1 Rxd1+ 23. Qxd1 Nf7 24. Qd7 Nd6 25. Bf1 h6 26. h4 a5 27.
Qc7 Qd5 28. Bg2 Qd1+ 29. Bf1 Qd2 30. a4 Kh7 31. h5 Qb4 32. Qd7 Qc5 33. Qe7 Ne4
34. Qxc5 Nxc5 35. Bc4 g5 36. hxg6+ Kxg6 37. f3 Kf6 38. Kf2 Ke5 39. Ke2 b5 40.
axb5 cxb5 41. Bxb5 Nxb3 42. Kd3 Nc5+ 1/2-1/2

[Event "SR 4. liga A21 2012/2013"]
[Site "?"]
[Date "2012.12.16"]
[Round "5.2"]
[White "Vach, Jozef"]
[Black "Tokos, Rastislav"]
[Result "0-1"]
[WhiteElo "1793"]
[BlackElo "1858"]
[PlyCount "146"]
[EventDate "2012.??.??"]

1. d4 d5 2. c4 dxc4 3. Nc3 Nf6 4. e4 e6 5. Bxc4 Be7 6. Nf3 Nbd7 7. e5 Ng8 8.
O-O Nb6 9. Bb3 c6 10. Re1 Bd7 11. Bd2 h6 12. Rc1 Bb4 13. Ne4 Be7 14. Ba5 Qb8
15. Nfd2 Nd5 16. Nc4 b6 17. Bd2 a5 18. Ncd6+ Kf8 19. Qf3 Be8 20. Bc2 Ra7 21. g4
Qd8 22. Bb1 Rc7 23. a3 Bxd6 24. Nxd6 Qh4 25. Re4 g5 26. Qg2 Nge7 27. f3 Nf4 28.
Bxf4 gxf4 29. Qd2 Nd5 30. Qf2 Qxf2+ 31. Kxf2 h5 32. g5 h4 33. Ree1 h3 34. Rg1
Ne3 35. g6 Ng2 36. gxf7 Bxf7 37. Be4 Be8 38. Nxe8 Kxe8 39. Bxc6+ Ke7 40. Be4
Rhc8 41. Rxc7+ Rxc7 42. Rd1 Ne3 43. Rb1 Rc4 44. Ke2 Rxd4 45. Rc1 Nc4 46. Rc2
Kd7 47. Bd3 Nxe5 48. Bb5+ Kd6 49. Rc8 Rd5 50. Ba6 Ng6 51. Rd8+ Kc5 52. Rc8+ Kd6
53. Rd8+ Ke5 54. Rb8 Rc5 55. Bd3 Kf6 56. Rxb6 Re5+ 57. Kf2 Rg5 58. Bf1 Rc5 59.
Bxh3 Nf8 60. Bf1 Nd7 61. Rb5 Rc2+ 62. Be2 Nc5 63. Ke1 Na4 64. Kd1 Rxb2 65. Rxb2
Nxb2+ 66. Kc2 Na4 67. Kb3 Nb6 68. Kc3 e5 69. Kd3 Kf5 70. Bf1 Kf6 71. Ke4 Ke6
72. h4 Na4 73. h5 Nc5# 0-1

[Event "SR 4. liga A21 2012/2013"]
[Site "?"]
[Date "2012.12.16"]
[Round "5.3"]
[White "Bjel, Lubos"]
[Black "Hanzluvka, Peter"]
[Result "0-1"]
[WhiteElo "1668"]
[BlackElo "2032"]
[PlyCount "58"]
[EventDate "2012.??.??"]

1. e4 c5 2. Nc3 e6 3. d3 Nc6 4. f4 g6 5. Be3 d6 6. Nf3 Bg7 7. e5 a6 8. d4 cxd4
9. Bxd4 Nxd4 10. Qxd4 Ne7 11. Ne4 Nf5 12. Qa4+ Bd7 13. Qb4 Bc6 14. Nxd6+ Nxd6
15. exd6 Bxf3 16. gxf3 Qh4+ 17. Ke2 O-O 18. Rd1 Rfd8 19. Ke3 Rac8 20. c4 e5 21.
Bd3 exf4+ 22. Ke2 Bd4 23. Qe1 Qh5 24. Be4 Rxd6 25. Qb4 Rb6 26. Qe7 Rxb2+ 27.
Rd2 Rxd2+ 28. Kxd2 Qa5+ 29. Kd1 Be3 0-1

[Event "SR 4. liga A21 2012/2013"]
[Site "?"]
[Date "2012.12.16"]
[Round "5.3"]
[White "Krchnak, Rudolf"]
[Black "Skapik, Branislav"]
[Result "1/2-1/2"]
[WhiteElo "1857"]
[BlackElo "1857"]
[PlyCount "95"]
[EventDate "2012.??.??"]

1. d4 Nf6 2. Nc3 d5 3. Bg5 Nc6 4. e3 a6 5. Nf3 h6 6. Bh4 Bf5 7. Bd3 Ne4 8. Bxe4
Bxe4 9. Nxe4 dxe4 10. Nd2 Qd5 11. O-O f5 12. c4 Qf7 13. Qa4 O-O-O 14. b4 Nxd4
15. exd4 g5 16. Bg3 f4 17. Nxe4 fxg3 18. Nxg3 Qxc4 19. Rac1 Qb5 20. Qxb5 axb5
21. Ne2 Bg7 22. Rfd1 c6 23. f3 Rd5 24. Rd3 Rhd8 25. Rcd1 e5 26. g4 exd4 27. Kg2
b6 28. h3 Kb7 29. Ng3 c5 30. bxc5 bxc5 31. Nf5 Bf8 32. h4 Re5 33. hxg5 hxg5 34.
Ng3 Ra8 35. R1d2 Re3 36. Rxe3 dxe3 37. Re2 c4 38. Ne4 Be7 39. Rxe3 Rxa2+ 40.
Kg3 Kc6 41. f4 b4 42. fxg5 Ra3 43. Rxa3 bxa3 44. g6 Bf8 45. Nc3 Bg7 46. Na2 c3
47. Kf4 Kd6 48. Ke4 1/2-1/2

[Event "SR 4. liga A21 2012/2013"]
[Site "?"]
[Date "2012.12.16"]
[Round "5.3"]
[White "Podjavorinsky, Michal"]
[Black "Sadlon, Matus"]
[Result "1/2-1/2"]
[WhiteElo "1681"]
[BlackElo "1596"]
[PlyCount "66"]
[EventDate "2012.??.??"]

1. d4 Nf6 2. Nc3 d5 3. Bf4 c6 4. Nf3 Bg4 5. e3 e6 6. Be2 Bd6 7. Bg3 Bxg3 8.
hxg3 Nbd7 9. Qd2 h6 10. Bd3 Qc7 11. e4 dxe4 12. Nxe4 Nxe4 13. Bxe4 Nf6 14. Bd3
Bxf3 15. gxf3 O-O-O 16. c3 Qd6 17. O-O-O Rd7 18. Rhe1 Re8 19. Qc2 Kb8 20. Be4
h5 21. Rh1 Rh8 22. Kb1 Rdd8 23. Rh3 Rh6 24. Rdh1 Rdh8 25. Qc1 Nxe4 26. fxe4 Qe7
27. g4 g6 28. Rf3 R6h7 29. gxh5 gxh5 30. Rfh3 Qf6 31. Qe3 h4 32. Rf3 Qe7 33.
Rfh3 Qf6 1/2-1/2

[Event "SR 4. liga A21 2012/2013"]
[Site "?"]
[Date "2012.12.16"]
[Round "5.3"]
[White "Sadlon, Juraj"]
[Black "Bjel, Tomas"]
[Result "0-1"]
[WhiteElo "1804"]
[BlackElo "1674"]
[PlyCount "45"]
[EventDate "2012.??.??"]

1. e4 e5 2. Nf3 Nc6 3. Bb5 d6 4. O-O f5 5. exf5 Bxf5 6. d4 e4 7. d5 a6 8. dxc6
axb5 9. cxb7 Rb8 10. Nd4 Qd7 11. Re1 Nf6 12. Nxf5 Qxf5 13. f3 d5 14. c4 Bc5+
15. Be3 Bxe3+ 16. Rxe3 Rxb7 17. cxd5 O-O 18. Nc3 Qf4 19. Qd4 Ng4 20. Ree1 Qxh2+
21. Kf1 Qh1+ 22. Qg1 Rxf3+ 23. gxf3 0-1

[Event "SR 4. liga A21 2012/2013"]
[Site "?"]
[Date "2012.12.16"]
[Round "5.3"]
[White "Spacek, Marcel"]
[Black "Orvisky, Vladimir"]
[Result "1-0"]
[WhiteElo "1846"]
[BlackElo "1838"]
[PlyCount "73"]
[EventDate "2012.??.??"]

1. d4 d5 2. c4 c6 3. Nf3 Nf6 4. Nc3 dxc4 5. a4 Bf5 6. Nh4 Be6 7. e4 Bg4 8. f3
Be6 9. h3 Nh5 10. Kf2 g6 11. g4 Ng7 12. Be3 f5 13. d5 cxd5 14. exd5 Bd7 15. Ng2
Qc7 16. Qd4 e5 17. dxe6 Bxe6 18. Nf4 Bf7 19. Ncd5 Qd6 20. Nf6+ Ke7 21. N4d5+
Bxd5 22. Nxd5+ Kd8 23. Bg5+ Kd7 24. Rd1 Nc6 25. Qxc4 Qc5+ 26. Qxc5 Bxc5+ 27.
Kg2 Kc8 28. Bf6 Rg8 29. b4 Be3 30. Nxe3 Nxb4 31. Nc4 Ne6 32. Nd6+ Kc7 33. Bc4
Rgf8 34. Be5 Rfd8 35. Bxe6 Rf8 36. Nc8+ Kc6 37. Rc1+ 1-0

[Event "SR 4. liga A21 2012/2013"]
[Site "?"]
[Date "2012.12.16"]
[Round "5.4"]
[White "Bajcar, Pavol"]
[Black "Sottnik, Filip"]
[Result "1-0"]
[WhiteElo "1635"]
[BlackElo "1503"]
[PlyCount "63"]
[EventDate "2012.??.??"]

1. d4 Nf6 2. Bf4 e6 3. Nd2 c5 4. e3 b6 5. c3 Bb7 6. Ngf3 d5 7. Bd3 Bd6 8. Bg3
O-O 9. O-O Qc7 10. Re1 Nbd7 11. Qb1 h6 12. e4 Bxg3 13. hxg3 Rad8 14. a3 cxd4
15. Nxd4 Nc5 16. exd5 Nxd3 17. Qxd3 Rxd5 18. Qe2 Rfd8 19. Nf1 Qd7 20. Ne3 Rh5
21. Rad1 Qc8 22. Nf3 Rxd1 23. Rxd1 Qc6 24. Rd8+ Kh7 25. Qd3+ g6 26. Qd4 Kg7 27.
Ng4 Rf5 28. Nh4 h5 29. Nxf5+ exf5 30. Qxf6+ Qxf6 31. Nxf6 Kxf6 32. Rd7 1-0